[Event "Lichtenberger Sommer 2017"]
[Site "Berlin"]
[Date "2017.08.26"]
[Round "8.104"]
[White "Plaza Reino, Leire"]
[Black "Toth, Hans-Jürgen"]
[Result "1-0"]
[WhiteElo "1253"]
[BlackElo "1546"]
[PlyCount "137"]
[EventDate "2017.??.??"]
[WhiteTeam "Enniscorthy Chess Club"]
[BlackTeam "SF Zehdenick"]

1. e4 e6 2. d4 d5 3. Nc3 Bb4 4. Bd3 Nc6 5. Nf3 Nf6 6. e5 Ne4 7. Bd2 Nxc3 8.
Bxc3 Qe7 9. Qd2 a5 10. a3 Bxc3 11. Qxc3 O-O 12. O-O h6 13. Qd2 f5 14. exf6 Qxf6
15. c3 b6 16. Rfe1 Bd7 17. Qc2 Be8 18. Re3 g5 19. Rae1 Bf7 20. Bb5 Na7 21. Qe2
Nxb5 22. Qxb5 Rae8 23. Ne5 Kg7 24. Nd7 Qf5 25. Nxf8 Rxf8 26. Qd7 Kg8 27. Qxc7
Bh5 28. f3 g4 29. Re5 Qg6 30. Rxe6 Qf5 31. Qe5 gxf3 32. Qxf5 Rxf5 33. gxf3 Bxf3
34. Re8+ Kg7 35. R1e7+ Kg6 36. Re6+ Kg5 37. Re5 Kf4 38. Rxf5+ Kxf5 39. Rf8+ Ke4
40. Rf6 h5 41. Rxb6 Kd3 42. Rb5 Kc2 43. Kf2 Be4 44. Kg3 a4 45. Kh4 Bf3 46. Rb4
Kb1 47. Rxa4 Kxb2 48. Ra7 Kxc3 49. Kg3 Be4 50. Kf2 Kxd4 51. Ke1 Ke3 52. Rb7 d4
53. Rb3+ d3 54. a4 h4 55. a5 h3 56. a6 Bf3 57. a7 Bd5 58. Ra3 Ba8 59. Kd1 Bf3+
60. Ke1 Ba8 61. Rb3 Bg2 62. Ra3 Ba8 63. Ra2 Kf3 64. Kd2 Kf2 65. Kxd3+ Kg1 66.
Ke3 Kh1 67. Kf4 Bg2 68. Kg3 Ba8 69. Ra1# 1-0

[Event "Lichtenberger Sommer 2017"]
[Site "Berlin"]
[Date "2017.08.26"]
[Round "8.105"]
[White "Chapiro, Daniel"]
[Black "Kossueva, Fatima"]
[Result "1/2-1/2"]
[WhiteElo "837"]
[BlackElo "1410"]
[PlyCount "67"]
[EventDate "2017.??.??"]
[WhiteTeam "SC Friesen Lichtenberg"]
[BlackTeam "SC Friesen Lichtenberg"]

1. e4 d5 2. e5 Bf5 3. d4 e6 4. Nf3 c5 5. c4 Nc6 6. Nc3 f6 7. exf6 Nxf6 8. cxd5
exd5 9. Bb5 Ne4 10. O-O a6 11. Bxc6+ bxc6 12. Re1 Be7 13. Ne5 Rc8 14. Be3 O-O
15. Nxe4 Bxe4 16. dxc5 Bf6 17. Bd4 Bxe5 18. Bxe5 Qg5 19. Bg3 Rfe8 20. Qd4 Bg6
21. f3 Rxe1+ 22. Rxe1 Re8 23. Be5 Re7 24. Kf2 Bf5 25. Re2 Bc8 26. Qf4 Qxf4 27.
Bxf4 Rxe2+ 28. Kxe2 Kf7 29. Ke3 Ke6 30. Kd4 Kf5 31. g3 g5 32. Bc7 g4 33. f4 Kf6
34. a4 1/2-1/2

[Event "Lichtenberger Sommer 2017"]
[Site "Berlin"]
[Date "2017.08.26"]
[Round "8.106"]
[White "Geisler, Oliver"]
[Black "Lange, Christoph"]
[Result "1-0"]
[WhiteElo "1556"]
[BlackElo "1292"]
[PlyCount "120"]
[EventDate "2017.??.??"]
[WhiteTeam "vereinslos"]
[BlackTeam "TSG Oberschöneweide"]

1. c4 e5 2. Nc3 Nf6 3. d3 Bb4 4. g3 O-O 5. Bg2 Nc6 6. Bd2 d6 7. a3 Bxc3 8. bxc3
Bd7 9. Bg5 h6 10. Bxf6 Qxf6 11. e3 g6 12. Ne2 Rfe8 13. O-O Rab8 14. Rb1 a6 15.
Qd2 Kg7 16. Rb2 b6 17. Rfb1 Ne7 18. d4 exd4 19. cxd4 Rbd8 20. h4 Bc6 21. Nf4
Bxg2 22. Kxg2 d5 23. Qc2 Qc6 24. cxd5 Qxc2 25. Rxc2 Nxd5 26. Nxd5 Rxd5 27. Rxc7
Ra5 28. Rxb6 Rxa3 29. Rbb7 Rf8 30. Ra7 a5 31. Kf3 a4 32. Ke2 Ra2+ 33. Kf3 a3
34. Rc3 Rb8 35. Raxa3 Rd2 36. Rd3 Rbb2 37. Rxd2 Rxd2 38. Ra1 Kf6 39. Re1 Ke6
40. Re2 Rd1 41. Kf4 Kd6 42. Ra2 Kd5 43. Ra7 Ke6 44. Ra6+ Ke7 45. Ke5 Rf1 46.
Rf6 Rd1 47. d5 Rd2 48. d6+ Kf8 49. Rf4 Kg7 50. Rd4 Rxd4 51. Kxd4 Kf8 52. Ke5 g5
53. hxg5 hxg5 54. Kf6 Ke8 55. d7+ Kxd7 56. Kxf7 Kd6 57. f4 gxf4 58. gxf4 Kd7
59. f5 Kd6 60. f6 Ke5 1-0

[Event "Lichtenberger Sommer 2017"]
[Site "Berlin"]
[Date "2017.08.27"]
[Round "9.1"]
[White "Barath M"]
[Black "Behrmann, Joachim"]
[Result "1-0"]
[WhiteElo "2285"]
[BlackElo "2206"]
[PlyCount "53"]
[EventDate "2017.??.??"]
[WhiteTeam "SC Zugzwang 95 (Berlin)"]
[BlackTeam "SK Zehlendorf"]

1. d4 d5 2. c4 e6 3. Nc3 Nf6 4. cxd5 exd5 5. Bg5 Be7 6. e3 c6 7. Bd3 Nbd7 8. h3
Ne4 9. Bxe7 Qxe7 10. Bxe4 dxe4 11. Nge2 f5 12. Nf4 Nf6 13. d5 cxd5 14. Ncxd5
Nxd5 15. Nxd5 Qf7 16. Rc1 O-O 17. Rc7 Qe6 18. Qd4 Rf7 19. O-O Qe8 20. Rxf7 Qxf7
21. Rc1 Be6 22. Rc7 Qf8 23. Qe5 Re8 24. Rxb7 Bc8 25. Rxg7+ Qxg7 26. Qxe8+ Qf8
27. Qxc8 1-0

[Event "Lichtenberger Sommer 2017"]
[Site "Berlin"]
[Date "2017.08.27"]
[Round "9.2"]
[White "Florstedt, Johannes"]
[Black "Stern, René"]
[Result "0-1"]
[WhiteElo "2232"]
[BlackElo "2499"]
[PlyCount "98"]
[EventDate "2017.??.??"]
[WhiteTeam "SF 1903 Berlin"]
[BlackTeam "SK König Tegel"]

1. e4 e5 2. Bc4 Nf6 3. d3 c6 4. Nf3 Be7 5. O-O d6 6. c3 Nbd7 7. Bb3 Nf8 8. Re1
Ng6 9. d4 O-O 10. Nbd2 Re8 11. Ng5 Nh8 12. Nf1 h6 13. Nf3 Ng6 14. Ng3 Bf8 15.
h3 Qc7 16. Qc2 Bd7 17. Bd2 c5 18. Qd3 b5 19. Bd1 c4 20. Qc2 Nf4 21. Nh2 Nd3 22.
Re3 d5 23. Bf3 Bc6 24. Ng4 Nxe4 25. Bxe4 dxe4 26. Nf5 exd4 27. Rg3 Kh8 28. Bxh6
gxh6 29. Nf6 Qxg3 30. fxg3 Re6 31. Nh5 Re5 32. g4 dxc3 33. Qxc3 e3 34. Nd4 Bb4
35. Qc2 e2 36. Nxe2 Rae8 37. Neg3 Re1+ 38. Rxe1 Rxe1+ 39. Kh2 Rc1 40. Qe2 Re1
41. Qc2 Rc1 42. Qe2 Bc5 43. Ne4 Bxe4 44. Qxe4 Bd6+ 45. Ng3 Rh1+ 46. Kxh1 Nf2+
47. Kg1 Nxe4 48. Nxe4 Be5 49. b3 c3 0-1

[Event "Lichtenberger Sommer 2017"]
[Site "Berlin"]
[Date "2017.08.27"]
[Round "9.3"]
[White "Ahmadinia, Ebrahim"]
[Black "Radovanovic, Jovica"]
[Result "1-0"]
[WhiteElo "2398"]
[BlackElo "2357"]
[PlyCount "67"]
[EventDate "2017.??.??"]
[WhiteTeam "SF 1903 Berlin"]
[BlackTeam "vereinslos"]

1. e4 c5 2. Nf3 d6 3. Bb5+ Bd7 4. Bxd7+ Nxd7 5. O-O Ngf6 6. Qe2 e6 7. c4 Be7 8.
Nc3 O-O 9. d4 cxd4 10. Nxd4 a6 11. Be3 Rc8 12. Rac1 Qa5 13. b3 Rfe8 14. Bd2 Qc5
15. Nc2 Qh5 16. Qxh5 Nxh5 17. Rfd1 g5 18. Kf1 h6 19. Ne1 Ne5 20. Ke2 Kh7 21.
Nf3 Nd7 22. Be3 Nhf6 23. h3 Bf8 24. g4 b5 25. cxb5 axb5 26. b4 Rc4 27. Nxb5
Rxb4 28. Nxd6 Bxd6 29. Rxd6 Rxe4 30. Rc7 Kg8 31. Rdxd7 Nxd7 32. Rxd7 Ra8 33.
Nd4 Re5 34. Nc6 1-0

[Event "Lichtenberger Sommer 2017"]
[Site "Berlin"]
[Date "2017.08.27"]
[Round "9.4"]
[White "Berger, Steve"]
[Black "Brustkern, Jürgen"]
[Result "1-0"]
[WhiteElo "2412"]
[BlackElo "2255"]
[PlyCount "199"]
[EventDate "2017.??.??"]
[WhiteTeam "SK König Tegel"]
[BlackTeam "SC Zugzwang 95 (Berlin)"]

1. e4 c5 2. Nc3 Nc6 3. Nf3 Nf6 4. Bb5 d6 5. e5 Nd7 6. exd6 Nd4 7. O-O e6 8.
Nxd4 cxd4 9. Ne4 a6 10. Bxd7+ Qxd7 11. d3 Bxd6 12. Qg4 Kf8 13. Nxd6 Qxd6 14.
Re1 Bd7 15. Re4 Bc6 16. Rxd4 Qe5 17. Bd2 h5 18. Qh4 f6 19. Re1 Qf5 20. Rf4 Qg6
21. Qh3 Re8 22. Qg3 Qxg3 23. fxg3 Kf7 24. Rb4 Rd8 25. a4 e5 26. Re2 Rd7 27. a5
Rhd8 28. Be3 Rd5 29. Bb6 R8d7 30. Rh4 Rb5 31. b3 g6 32. Kf2 Kg7 33. Rc4 Rbd5
34. Ke1 Kf7 35. Kd2 g5 36. Rf2 Kg6 37. Rc5 R5d6 38. Rc4 Kf7 39. Be3 Kg6 40. Kc1
Rd5 41. b4 R5d6 42. Kb2 Rd5 43. Rc5 R5d6 44. Rd2 Kf7 45. Rc3 Kg6 46. Rc5 Rd8
47. Kc1 R8d7 48. Rf2 Rh7 49. h3 Rhd7 50. Rc4 Rd8 51. g4 h4 52. Bb6 R8d7 53. Be3
Rd8 54. Bc5 R6d7 55. Bb6 Re8 56. Be3 Re6 57. Kd2 Red6 58. Ke1 Rf7 59. Rc5 Rfd7
60. Rd2 Rd8 61. Kf2 R8d7 62. Kg1 Rd8 63. Kh2 R6d7 64. Rc3 Re8 65. Bf2 Rh8 66.
Be3 Rhd8 67. Bb6 Re8 68. Rf2 Re6 69. Kg1 Red6 70. Rd2 Rd5 71. Rc5 R5d6 72. Rc3
Re6 73. Kf2 e4 74. d4 Bd5 75. Ke3 Rc6 76. Rxc6 bxc6 77. Rd1 Re7 78. Rc1 Bc4 79.
Ra1 f5 80. gxf5+ Kxf5 81. Ra3 g4 82. Rc3 gxh3 83. gxh3 Bb5 84. Rc5+ Kg6 85. c4
Ba4 86. Bd8 Re8 87. Bg5 Kf7 88. Bf4 Kg6 89. Rg5+ Kf6 90. Rh5 Kf7 91. d5 cxd5
92. cxd5 Bb5 93. Rxh4 Rc8 94. Be5 Kg6 95. Rxe4 Kf5 96. Bd4 Re8 97. Rxe8 Bxe8
98. Bc3 Bb5 99. Kd4 Bf1 100. h4 1-0

[Event "Lichtenberger Sommer 2017"]
[Site "Berlin"]
[Date "2017.08.27"]
[Round "9.5"]
[White "Colpe, Malte"]
[Black "Schneider, Christian"]
[Result "1-0"]
[WhiteElo "2424"]
[BlackElo "2215"]
[PlyCount "59"]
[EventDate "2017.??.??"]
[WhiteTeam "Hamburger SK"]
[BlackTeam "SG Stadtilm"]

1. d4 Nf6 2. Nf3 e6 3. e3 b6 4. Bd3 Bb7 5. O-O Be7 6. c4 O-O 7. Nc3 d5 8. b3
dxc4 9. bxc4 c5 10. Bb2 cxd4 11. exd4 Nc6 12. Qd2 Rc8 13. Rfd1 Na5 14. Ne5 Ba6
15. Qe2 Qc7 16. Rdc1 Qd8 17. Nd1 Nd7 18. Nf3 Bf6 19. Ne3 Qc7 20. Ng4 Bxc4 21.
Nfe5 Nxe5 22. Nxf6+ gxf6 23. dxe5 f5 24. Qh5 Qe7 25. Rc3 Bd5 26. Bxf5 exf5 27.
Rg3+ Kh8 28. Qh6 f6 29. exf6 Qf7 30. Rg7 1-0

[Event "Lichtenberger Sommer 2017"]
[Site "Berlin"]
[Date "2017.08.27"]
[Round "9.6"]
[White "Polatel, Ali"]
[Black "Rietze, Clemens"]
[Result "1-0"]
[WhiteElo "2221"]
[BlackElo "2343"]
[PlyCount "73"]
[EventDate "2017.??.??"]
[WhiteTeam "SC Zugzwang 95 (Berlin)"]
[BlackTeam "SC Rotation Pankow"]

1. c4 b6 2. Nc3 c5 3. Nf3 Bb7 4. e4 e6 5. Bd3 d6 6. O-O Nf6 7. Bc2 Nbd7 8. d4
cxd4 9. Nxd4 a6 10. g4 h6 11. f4 g5 12. fxg5 hxg5 13. Bxg5 Be7 14. Ba4 Nxe4 15.
Nxe4 Bxe4 16. Nxe6 fxe6 17. Qd4 Rg8 18. Qxe4 Rxg5 19. Qxe6 Rg7 20. Bxd7+ Qxd7
21. Rf8+ Kxf8 22. Qxd7 Kg8 23. Rf1 Bg5 24. Qe6+ Kh8 25. Rf3 Rh7 26. Qxd6 Bh6
27. Rh3 Bg7 28. Rxh7+ Kxh7 29. g5 Re8 30. h4 Re5 31. Kg2 Re2+ 32. Kf3 Rxb2 33.
h5 b5 34. h6 Bh8 35. Qd3+ Kg8 36. Qd5+ Kf8 37. Qd8+ 1-0

[Event "Lichtenberger Sommer 2017"]
[Site "Berlin"]
[Date "2017.08.27"]
[Round "9.7"]
[White "Kalka, Arkadius Georg"]
[Black "Kohler, Thomas"]
[Result "1-0"]
[WhiteElo "2323"]
[BlackElo "2154"]
[PlyCount "37"]
[EventDate "2017.??.??"]
[WhiteTeam "SC Hansa Dortmund"]
[BlackTeam "SC Zitadelle Spandau"]

1. c4 d6 2. g3 g6 3. Bg2 Bg7 4. Nc3 e5 5. e3 Nc6 6. Nge2 Nge7 7. d4 exd4 8.
exd4 Nf5 9. d5 Ne5 10. h4 h6 11. Ne4 a6 12. Qc2 b5 13. c5 Nc4 14. Rb1 dxc5 15.
b3 Ncd6 16. Bb2 Rb8 17. g4 Nd4 18. Qxc5 Nxe4 19. Bxe4 1-0

[Event "Lichtenberger Sommer 2017"]
[Site "Berlin"]
[Date "2017.08.27"]
[Round "9.8"]
[White "Heinig, Wolfram"]
[Black "Jahn, Thomas"]
[Result "1/2-1/2"]
[WhiteElo "2328"]
[BlackElo "2191"]
[PlyCount "46"]
[EventDate "2017.??.??"]
[WhiteTeam "SK Zehlendorf"]
[BlackTeam "SV Empor Berlin"]

1. d4 Nf6 2. c4 g6 3. Nc3 Bg7 4. e4 d6 5. Be2 O-O 6. Bg5 h6 7. Be3 c5 8. d5 e6
9. Qd2 exd5 10. exd5 Kh7 11. h3 Re8 12. Nf3 Bf5 13. O-O Ne4 14. Nxe4 Bxe4 15.
Ne1 Qf6 16. Bd3 Nd7 17. Rb1 Qf5 18. b3 Nf6 19. a4 Bxd3 20. Qxd3 Ne4 21. Nf3 Re7
22. Rfe1 Rae8 23. Rbc1 Bb2 1/2-1/2

[Event "Lichtenberger Sommer 2017"]
[Site "Berlin"]
[Date "2017.08.27"]
[Round "9.9"]
[White "Neumann, Thomas"]
[Black "Förster, Jonas"]
[Result "0-1"]
[WhiteElo "2128"]
[BlackElo "2330"]
[PlyCount "32"]
[EventDate "2017.??.??"]
[WhiteTeam "Borussia Friedrichsfelde"]
[BlackTeam "SV Empor Berlin"]

1. d4 Nf6 2. Nf3 g6 3. c4 Bg7 4. Nc3 d5 5. e3 O-O 6. Be2 c5 7. dxc5 Qa5 8. O-O
dxc4 9. Bxc4 Qxc5 10. Qd4 Nbd7 11. b3 Qh5 12. Bb2 e5 13. Qd3 Nb6 14. e4 Bg4 15.
Rac1 Rad8 16. Nd5 Nfxd5 0-1

[Event "Lichtenberger Sommer 2017"]
[Site "Berlin"]
[Date "2017.08.27"]
[Round "9.11"]
[White "Sieglen, Joachim"]
[Black "Hesse, Henrik"]
[Result "1-0"]
[WhiteElo "2228"]
[BlackElo "2124"]
[PlyCount "101"]
[EventDate "2017.??.??"]
[WhiteTeam "SC Untergrombach"]
[BlackTeam "SV Mattnetz Berlin"]

1. d4 Nf6 2. c4 e6 3. g3 d5 4. Nf3 Be7 5. Bg2 O-O 6. O-O dxc4 7. Qc2 a6 8. Qxc4
b5 9. Qc2 Bb7 10. Bd2 Be4 11. Qc1 c6 12. Rd1 Nbd7 13. Nc3 Bg6 14. Bf4 Nd5 15.
Nxd5 cxd5 16. Qc6 Rc8 17. Qxa6 Qb6 18. Qxb6 Nxb6 19. Rdc1 Na4 20. Rxc8 Rxc8 21.
Rc1 Rc4 22. Ne5 Rxc1+ 23. Bxc1 Bb1 24. a3 Bc2 25. Bf1 Nb6 26. e3 Nc4 27. Nd3
Bb3 28. Be2 Kf8 29. Kf1 Ke8 30. Ke1 Kd7 31. Bd1 Bxd1 32. Kxd1 Kc7 33. Kc2 Kb6
34. b3 Nd6 35. f3 Nf5 36. Ne5 f6 37. Nd3 Bd6 38. Kd2 g5 39. Bb2 Ne7 40. Nc5
Bxc5 41. dxc5+ Kxc5 42. Bxf6 Nc6 43. Bxg5 b4 44. a4 e5 45. Bh6 e4 46. Bf8+ Kb6
47. f4 Kc7 48. Bc5 Kd7 49. f5 Ke8 50. g4 Kf7 51. g5 1-0

[Event "Lichtenberger Sommer 2017"]
[Site "Berlin"]
[Date "2017.08.27"]
[Round "9.12"]
[White "Pluska, Alexander"]
[Black "Roth, Josef"]
[Result "1-0"]
[WhiteElo "2205"]
[BlackElo "2032"]
[PlyCount "91"]
[EventDate "2017.??.??"]
[WhiteTeam "SK Doppelbauer Kiel"]
[BlackTeam "SK König Tegel"]

1. Nf3 d5 2. g3 e6 3. Bg2 Nf6 4. O-O Be7 5. c4 c6 6. b3 O-O 7. Bb2 Nbd7 8. d3
Qc7 9. Nc3 Ne5 10. Nxe5 Qxe5 11. Nxd5 Qxb2 12. Nxe7+ Kh8 13. Nxc8 Raxc8 14. Rb1
Qa3 15. Qc2 Qb4 16. Qb2 Rfd8 17. a3 Qc5 18. Bf3 b6 19. b4 Qf5 20. Kg2 e5 21.
Qc2 h5 22. h4 Rd4 23. a4 g5 24. e4 Qg6 25. hxg5 Qxg5 26. Rh1 Kg7 27. Qe2 Rh8
28. Rh4 Kf8 29. b5 c5 30. a5 Ke7 31. axb6 axb6 32. Ra1 Rhd8 33. Ra7+ Kf8 34.
Bxh5 Rxd3 35. Rxf7+ Kg8 36. Rxf6 Qxf6 37. Qg4+ Kf8 38. Bg6 Rd2 39. Bf5 R8d4 40.
Qh3 Rd8 41. Rh8+ Ke7 42. Rh7+ Kf8 43. Qh5 R2d6 44. g4 Rd4 45. g5 Qd6 46. Rh8+
1-0

[Event "Lichtenberger Sommer 2017"]
[Site "Berlin"]
[Date "2017.08.27"]
[Round "9.13"]
[White "Syre, Christian"]
[Black "Poseck, Steffen"]
[Result "1/2-1/2"]
[WhiteElo "2208"]
[BlackElo "2026"]
[PlyCount "53"]
[EventDate "2017.??.??"]
[WhiteTeam "TSG Oberschöneweide"]
[BlackTeam "BSV 63 Chemie Weißensee"]

1. Nf3 Nf6 2. c4 c5 3. e3 g6 4. Nc3 Bg7 5. d4 cxd4 6. exd4 d5 7. Be2 O-O 8. O-O
Nc6 9. Re1 a6 10. a3 dxc4 11. Bxc4 b5 12. Ba2 Bb7 13. d5 Na5 14. Ne5 Nd7 15.
Nxd7 Qxd7 16. Bg5 Rfe8 17. Qe2 Rac8 18. Bxe7 Rxc3 19. bxc3 Bxc3 20. d6 Bxa1 21.
Rxa1 Qxd6 22. Bxd6 Rxe2 23. Kf1 Re8 24. Rc1 Rc8 25. Rc7 Rxc7 26. Bxc7 Nc4 27.
Bxc4 1/2-1/2

[Event "Lichtenberger Sommer 2017"]
[Site "Berlin"]
[Date "2017.08.27"]
[Round "9.14"]
[White "Teichert, Felix"]
[Black "Slepuschkin, Shenis"]
[Result "1/2-1/2"]
[WhiteElo "1973"]
[BlackElo "2169"]
[PlyCount "49"]
[EventDate "2017.??.??"]
[WhiteTeam "Leegebrucher SF"]
[BlackTeam "SG NARVA Berlin"]

1. d4 Nf6 2. c4 e6 3. Nf3 b6 4. g3 Ne4 5. Bg2 Bb4+ 6. Nbd2 Bb7 7. O-O Nxd2 8.
Bxd2 Bxd2 9. Qxd2 d6 10. Qc2 Nd7 11. Rfd1 Nf6 12. Qa4+ Qd7 13. Qxd7+ Nxd7 14.
Nd2 Bxg2 15. Kxg2 e5 16. e3 O-O 17. Rac1 Rfe8 18. Re1 a5 19. Ne4 Nf6 20. Nxf6+
gxf6 21. g4 Rab8 22. a4 Kg7 23. d5 Kg6 24. e4 Kg7 25. Re3 1/2-1/2

[Event "Lichtenberger Sommer 2017"]
[Site "Berlin"]
[Date "2017.08.27"]
[Round "9.16"]
[White "Moser, Axel"]
[Black "Bandlow, Matthias"]
[Result "1-0"]
[WhiteElo "2159"]
[BlackElo "1945"]
[PlyCount "55"]
[EventDate "2017.??.??"]
[WhiteTeam "SC Kreuzberg"]
[BlackTeam "Borussia Friedrichsfelde"]

1. d4 d5 2. c4 e6 3. Nf3 Nf6 4. Nc3 dxc4 5. e4 Be7 6. Bxc4 O-O 7. O-O a6 8. e5
Nd5 9. Qe2 Nxc3 10. bxc3 c5 11. Bd3 cxd4 12. cxd4 Nc6 13. Qe4 g6 14. Bh6 Re8
15. h4 Qd5 16. Qg4 Bf8 17. Be3 h5 18. Qf4 Bg7 19. Ng5 Rf8 20. Rad1 Ne7 21. Ne4
Qd8 22. Nf6+ Kh8 23. Qf3 Nf5 24. Bxf5 exf5 25. Bg5 Qc7 26. Nxh5 gxh5 27. Qxh5+
Kg8 28. Bf6 1-0

[Event "Lichtenberger Sommer 2017"]
[Site "Berlin"]
[Date "2017.08.27"]
[Round "9.17"]
[White "Krefenstein, Sergej"]
[Black "Di Candia, Roberto"]
[Result "1-0"]
[WhiteElo "2173"]
[BlackElo "1918"]
[PlyCount "89"]
[EventDate "2017.??.??"]
[WhiteTeam "TuS Makkabi Berlin"]
[BlackTeam "SF 1903 Berlin"]

1. d4 g6 2. Nf3 Bg7 3. c4 c5 4. e4 cxd4 5. Nxd4 Nc6 6. Be3 Nf6 7. Nc3 d6 8. Be2
Nxd4 9. Bxd4 O-O 10. O-O Bd7 11. f3 Bc6 12. Qd2 a5 13. b3 Nd7 14. Nd5 Bxd5 15.
Bxg7 Kxg7 16. Qd4+ Kg8 17. exd5 Qb6 18. Rfd1 Nc5 19. Rab1 Qb4 20. a4 Ra6 21.
Rb2 Rfa8 22. Rdb1 Qb6 23. Qf2 Qc7 24. h4 Rb6 25. h5 Rb4 26. hxg6 hxg6 27. Qe3
Qd8 28. Bd1 Qf8 29. Bc2 Qg7 30. Ra2 Qf6 31. Re1 Kf8 32. Bd1 Re8 33. Rae2 Kg7
34. Bc2 e5 35. f4 e4 36. g4 Qh4 37. Qc3+ f6 38. Rf1 Qxg4+ 39. Rg2 Qf5 40. Rg5
Qd7 41. f5 Qe7 42. Rxg6+ Kf7 43. Qh3 Rf8 44. Qh5 Nd3 45. Rh6+ 1-0

[Event "Lichtenberger Sommer 2017"]
[Site "Berlin"]
[Date "2017.08.27"]
[Round "9.18"]
[White "Seitz, Patrick"]
[Black "Ros Alonso, Jaume"]
[Result "0-1"]
[WhiteElo "1956"]
[BlackElo "2119"]
[PlyCount "68"]
[EventDate "2017.??.??"]
[WhiteTeam "SR Heuberg-Gosheim"]
[BlackTeam "Sant Boi de Llobregat"]

1. e4 c5 2. Nf3 e6 3. c3 Nf6 4. e5 Nd5 5. d4 cxd4 6. cxd4 d6 7. Nc3 Nxc3 8.
bxc3 Qc7 9. Bb2 Bd7 10. Be2 Bc6 11. O-O Nd7 12. exd6 Bxd6 13. h3 O-O 14. Nd2 b5
15. a4 a6 16. axb5 axb5 17. Qb3 Bh2+ 18. Kh1 Bf4 19. Nf3 Bd5 20. Qc2 Qc6 21.
Ba3 Rfc8 22. Bb4 Nb6 23. Rfd1 Na4 24. Ra3 Be4 25. Bd3 Bxf3 26. gxf3 Qxf3+ 27.
Kg1 Qxh3 28. Rb3 Bh2+ 29. Kh1 Bf4+ 30. Kg1 Bh2+ 31. Kh1 Bd6+ 32. Kg1 Qh2+ 33.
Kf1 Bxb4 34. Rxb4 Nxc3 0-1

[Event "Lichtenberger Sommer 2017"]
[Site "Berlin"]
[Date "2017.08.27"]
[Round "9.19"]
[White "Daoud, Marcel"]
[Black "Piotrowski, Christopher"]
[Result "1-0"]
[WhiteElo "1928"]
[BlackElo "2117"]
[PlyCount "79"]
[EventDate "2017.??.??"]
[WhiteTeam "SK Freising"]
[BlackTeam "SK König Tegel"]

1. e4 c5 2. Nf3 d6 3. d4 cxd4 4. Nxd4 a6 5. Nc3 Nf6 6. Be2 e5 7. Nb3 Be6 8. a4
d5 9. exd5 Nxd5 10. Bf3 Bb4 11. O-O Nxc3 12. Qxd8+ Kxd8 13. Bd2 Nc6 14. bxc3
Be7 15. Be3 Kc7 16. a5 Rac8 17. Nc5 Bf5 18. Rfd1 Rhd8 19. Rdb1 Bxc5 20. Bxc5
Rd2 21. Rd1 Rxd1+ 22. Rxd1 e4 23. Bb6+ Kb8 24. Be2 Be6 25. f3 exf3 26. Bxf3 Ne5
27. Be2 Bc4 28. Bf3 Bb5 29. Bd5 Nd7 30. Bd4 f6 31. Be6 Kc7 32. Bb6+ Nxb6 33.
axb6+ Kb8 34. Bxc8 Kxc8 35. Rd4 a5 36. Rd5 Ba4 37. Rxa5 Bxc2 38. Rc5+ Kd8 39.
Rc7 Be4 40. Rxg7 1-0

[Event "Lichtenberger Sommer 2017"]
[Site "Berlin"]
[Date "2017.08.27"]
[Round "9.21"]
[White "Dimitrijeski, Kristian"]
[Black "Buttkus, Andre"]
[Result "1-0"]
[WhiteElo "2182"]
[BlackElo "2031"]
[PlyCount "63"]
[EventDate "2017.??.??"]
[WhiteTeam "SK König Tegel"]
[BlackTeam "SK Tempelhof 1931"]

1. d4 Nf6 2. c4 e6 3. Nc3 Bb4 4. Qc2 O-O 5. Nf3 d5 6. cxd5 exd5 7. Bg5 h6 8.
Bh4 c5 9. e3 Nbd7 10. Bd3 c4 11. Bf5 Qa5 12. O-O Re8 13. Nd2 Bf8 14. e4 dxe4
15. Bxd7 Nxd7 16. Nxc4 Qf5 17. Rfe1 b5 18. Ne3 Qh5 19. Bg3 Bb7 20. Ne2 Rac8 21.
Qb3 b4 22. Nf4 Qb5 23. Rac1 Nb6 24. Ng6 Rxc1 25. Rxc1 Nd5 26. Nxf8 Nxe3 27.
fxe3 Bd5 28. Qd1 Rxf8 29. Rc5 Qb7 30. Qc2 Rd8 31. b3 Qb6 32. Bc7 1-0

[Event "Lichtenberger Sommer 2017"]
[Site "Berlin"]
[Date "2017.08.27"]
[Round "9.22"]
[White "Shapiro, Yosip"]
[Black "Mätzkow, Maximilian Paul"]
[Result "1-0"]
[WhiteElo "2098"]
[BlackElo "2172"]
[PlyCount "61"]
[EventDate "2017.??.??"]
[WhiteTeam "SV Berolina Mitte"]
[BlackTeam "ESV Eberswalde"]

1. d4 Nf6 2. c4 c5 3. d5 b5 4. cxb5 a6 5. e3 g6 6. Nc3 Bg7 7. Nf3 O-O 8. Be2
axb5 9. Bxb5 d6 10. O-O Bd7 11. Bc4 Qb6 12. h3 Na6 13. e4 Rfb8 14. Rb1 Nc7 15.
e5 dxe5 16. Nxe5 Bf5 17. Ra1 Qd6 18. Re1 Rb4 19. g4 Nxg4 20. hxg4 Bxe5 21. gxf5
Rxc4 22. Qe2 Bxc3 23. bxc3 Raa4 24. Qxe7 Qxd5 25. f3 Qxf5 26. Bh6 Ra8 27. Rad1
Rg4+ 28. Kf2 Rxa2+ 29. Re2 Rxe2+ 30. Qxe2 Ne6 31. Rd8+ 1-0

[Event "Lichtenberger Sommer 2017"]
[Site "Berlin"]
[Date "2017.08.27"]
[Round "9.23"]
[White "Jaeschke, Jens-Uwe"]
[Black "Püschel, Werner"]
[Result "1-0"]
[WhiteElo "2119"]
[BlackElo "1998"]
[PlyCount "139"]
[EventDate "2017.??.??"]
[WhiteTeam "SF Nordost Berlin"]
[BlackTeam "Lasker Steglitz-Wilmersdorf"]

1. c4 Nf6 2. Nc3 g6 3. e4 d6 4. g3 Bg7 5. Bg2 O-O 6. Nge2 c6 7. O-O Be6 8. d3
Qc8 9. Nf4 Bg4 10. f3 Bd7 11. Be3 e5 12. Nfe2 c5 13. a3 Nc6 14. Rb1 Nd4 15. b4
b6 16. Qd2 Qa6 17. Qb2 Nxe2+ 18. Nxe2 Rad8 19. Nc3 h6 20. Ra1 Qc8 21. Rfb1 Bc6
22. Qd2 Kh7 23. a4 Ng8 24. a5 Ne7 25. Ra2 Qc7 26. b5 Bd7 27. Rba1 Rb8 28. Qe1
Be6 29. Ra3 g5 30. R1a2 Kg6 31. Qa1 Rb7 32. axb6 axb6 33. Ra7 Rfb8 34. R7a6 Kh7
35. Qf1 Qd7 36. Qa1 Rc7 37. Nd1 Nc8 38. Nf2 Rbb7 39. Qf1 Ra7 40. Bh3 Rxa6 41.
Bxe6 Qxe6 42. bxa6 Na7 43. Rb2 Rc6 44. Qb1 Nc8 45. Nd1 Bf6 46. Nc3 Bd8 47. Nb5
Qd7 48. Ra2 Na7 49. Nxa7 Qxa7 50. Qb5 Rc8 51. Kg2 Kg7 52. Kf2 Kf8 53. Qb1 Ra8
54. Qa1 Qd7 55. Qb1 Ra7 56. Kg2 Ke7 57. Qb5 f6 58. h4 Qc8 59. hxg5 hxg5 60. Ra1
Kf7 61. Rh1 Be7 62. Ra1 Bd8 63. Qa4 Be7 64. Ra3 Bd8 65. g4 Be7 66. Kg3 Bd8 67.
Qc2 Ke6 68. Qh2 Qd7 69. Qh8 Be7 70. Qg8# 1-0

[Event "Lichtenberger Sommer 2017"]
[Site "Berlin"]
[Date "2017.08.27"]
[Round "9.24"]
[White "Vogel, Robert"]
[Black "Fuchs, Dominik"]
[Result "1-0"]
[WhiteElo "2154"]
[BlackElo "1865"]
[PlyCount "49"]
[EventDate "2017.??.??"]
[WhiteTeam "SG Pang-Rosenheim"]
[BlackTeam "SC Zitadelle Spandau"]

1. d4 Nf6 2. c4 e6 3. Nc3 Bb4 4. f3 c5 5. a3 Bxc3+ 6. bxc3 d5 7. e3 O-O 8. cxd5
exd5 9. Bd3 b6 10. Ne2 Bb7 11. O-O Re8 12. Ng3 Nc6 13. Ra2 cxd4 14. cxd4 Rc8
15. Re2 Na5 16. Kh1 Nc4 17. e4 dxe4 18. fxe4 Qxd4 19. e5 Bxg2+ 20. Rxg2 Qxe5
21. Bxc4 Rxc4 22. Bb2 Qa5 23. Bxf6 gxf6 24. Nf5+ Kh8 25. Nd6 1-0

[Event "Lichtenberger Sommer 2017"]
[Site "Berlin"]
[Date "2017.08.27"]
[Round "9.25"]
[White "Stark, Ingo"]
[Black "Lichii, Elizaveta"]
[Result "1/2-1/2"]
[WhiteElo "2161"]
[BlackElo "1862"]
[PlyCount "70"]
[EventDate "2017.??.??"]
[WhiteTeam "TSG Oberschöneweide"]
[BlackTeam "vereinslos"]

1. e4 c5 2. Nf3 e6 3. d4 cxd4 4. Nxd4 a6 5. Bd3 Nf6 6. Qe2 d6 7. O-O Qc7 8. Nc3
Be7 9. Kh1 Nbd7 10. f4 O-O 11. Bd2 Nc5 12. Rac1 Qb8 13. Nf3 b5 14. b4 Nxd3 15.
cxd3 Bb7 16. a4 bxa4 17. Nxa4 Qd8 18. Nd4 Rc8 19. Rxc8 Qxc8 20. Rc1 Qa8 21. Nb3
Rc8 22. Ra1 Qb8 23. Nb6 Rc6 24. Nc4 Rc8 25. Nd4 d5 26. Nb6 Re8 27. e5 Qa7 28.
Be3 Qxb6 29. Nf5 Qd8 30. Nxe7+ Qxe7 31. Bc5 Qd8 32. exf6 Qxf6 33. Rf1 Bc6 34.
Qf2 Bb5 35. Rd1 Qf5 1/2-1/2